Monstercat 2016 Artists - Statistics

General Stats
  • This quiz has been taken 15 times
    13 since last reset
  • The average score is 57 of 68
Answer Stats
Answer % Correct
Aero Chord
100%
Anevo
100%
Direct
100%
Draper
100%
Eminence
100%
Ephixa
100%
Going Quantum
100%
Grabbitz
100%
Haywyre
100%
Hush
100%
Hyper Potions
100%
Karma Fields
100%
Marshmello
100%
Mr FijiWiji
100%
Muzzy
100%
Noisestorm
100%
Pegboard Nerds
100%
PIXL
100%
Protostar
100%
Puppet
100%
Rameses B
100%
Rogue
100%
San Holo
100%
Slips & Slurs
100%
Slushii
100%
Snavs
100%
Stephen Walking
100%
Stonebank
100%
Tokyo Machine
100%
Topi
100%
Tristam
100%
Tut Tut Child
100%
Varien
100%
Vicetone
100%
WRLD
100%
Conro
75%
Dion Timmer
75%
Dirty Audio
75%
Feint
75%
F.O.O.L
75%
Hellberg
75%
Koven
75%
KUURO
75%
Laszlo
75%
Loosid
75%
LVTHER
75%
Melano
75%
Nitro Fun
75%
Notaker
75%
Project 46
75%
PYLOT
75%
Rezonate
75%
Rich Edwards
75%
Rootkit
75%
SMLE
75%
Soupandreas
75%
Subtact
75%
Trivecta
75%
Droeloe
50%
Droptek
50%
Glacier
50%
Grant
50%
NERVO
50%
Richard Caddock
50%
Summer Was Fun
50%
Unlike Pluto
50%
Fractal
25%
Krewella
25%
No matching quizzes found
Score Distribution
Percent of People with Each Score
Percentile by Number Answered
Your Score History
You have not taken this quiz since the last reset